000 00668nam a2200265Ia 4500
003 OSt
005 20220912152950.0
006 a|||||r|||| 00| 0
007 ta
008 220909b |||||||| |||| 00| 0 eng d
024 _a27961
037 _cTextual
040 _aCSL
_beng
_cCSL
041 _aeng
082 _aY7791:351, L3-;1
100 _aWeightman John
245 0 _aFrom honey to ashes
260 _c1973
300 _ap.
_ccm.
500 _aBibliography 477-494p
650 _aNorth America
700 _a Weightman Dareen
942 _hY7791:351, L3-;1
_cTEXL
_2CC
999 _c95057
_d95057